00972nam a2200205 a 450000100100000000500170001000800410002704000250006808200130009310000370010624500940014326000570023730000210029450000790031553300940039470000330048895201110052195201170063299900170074900002703520200930030548.0110329s1991 sp 000 0 spa d aDO-SdBNPbspacBNPHU axxxbxxx1 aVega, Lópe ded1562-16359308410aComedias autógrafas de Lope de Vega /cLopez de Vega ; prólogo Alonso Zamora Vicente. aMalaga, España :bReal Academia Española,c1991. a432 p. ;c32 cm. aHomenaje del Excmo. Ayuntamiento de Málaga a la Real Academia Española a3 comedias atutógrafas de Lope de VegabEspañacExcmo. Ayuntamiento de Málagad19911 aZamora Vicente, Alonso93327 001050718MOaGRbGRcHDd2011-03-29iLF1l0oxxx xxxp27035-10r2020-06-25w2020-06-25y1ZNo se presta 001050718MOaGRbGRcHDd2011-05-12iLF1l0oxxx xxxp27035-20r2020-06-25te. 2w2020-06-25y1ZNo se presta c26527d26527